000
00202 a2200097 4500
020
_a
9788437614717
041
_a
spa
100
_a
Bocchetti, Alessandra
245
_a
Lo Que quiere una mujer
942
_c
BK
999
_c
11023
_d
11023